Acoustics and noise control (3rd ed.) (Record no. 33413)

MARC details
000 -LEADER
fixed length control field 00723nam a2200205 a 4500
008 - FIXED-LENGTH DATA ELEMENTS--GENERAL INFORMATION
fixed length control field 160629s2011 ||||||||||||||||| || u
020 ## - INTERNATIONAL STANDARD BOOK NUMBER
International Standard Book Number 9780273724681
050 ## - LIBRARY OF CONGRESS CALL NUMBER
Classification number NA 2800 Pet
100 ## - MAIN ENTRY--PERSONAL NAME
Personal name Peters, R.J
245 10 - TITLE STATEMENT
Title Acoustics and noise control (3rd ed.)
Statement of responsibility, etc. By R.J. Peters, B.J. Smith [and] Magaret Hollins
250 ## - EDITION STATEMENT
Edition statement 3rd ed.
260 ## - PUBLICATION, DISTRIBUTION, ETC.
Place of publication, distribution, etc. Harlow
Name of publisher, distributor, etc. Pearson Education, Inc
Date of publication, distribution, etc. 2011
300 ## - PHYSICAL DESCRIPTION
Extent xiv, 386p.: ill.
350 ## - PRICE (NR) (BK AM CF MU VM SE) [OBSOLETE]
Price 99.95
650 ## - SUBJECT ADDED ENTRY--TOPICAL TERM
Topical term or geographic name entry element ARCHITECTURAL ACOUSTICS
650 ## - SUBJECT ADDED ENTRY--TOPICAL TERM
Topical term or geographic name entry element NOISE CONTROL
700 ## - ADDED ENTRY--PERSONAL NAME
Personal name Smith, B. J
700 ## - ADDED ENTRY--PERSONAL NAME
Personal name Hollins, M
995 ## - RECOMMENDATION 995 [LOCAL, UNIMARC FRANCE]
-- CBU-MAIN LIBRARY (Kitwe)
-- 99.95
-- 1
-- AVAILABLE
-- Jul 14, 2016
-- Main Library Open Access Collection
Holdings
Withdrawn status Lost status Source of classification or shelving scheme Damaged status Not for loan Home library Current library Shelving location Date acquired Total Checkouts Full call number Barcode Date last seen Date last checked out Price effective from Koha item type
          CBU-MAIN LIBRARY, KITWE. CBU-MAIN LIBRARY, KITWE.   11/30/2022 3 NA 2800 Pet 745944 05/27/2024 05/14/2024 11/30/2022 MONOGRAPH